[Event "36. Copenhagen Open (Politiken Cup)"]
[Site "Elsinore"]
[Date "2014.07.28"]
[Round "9"]
[White "Thybo, Jesper Sondergaard"]
[Black "Lauridsen, Jesper Morch"]
[Result "1-0"]
[WhiteElo "2121"]
[BlackElo "2244"]
[PlyCount "69"]
[EventDate "2014.07.21"]
[EventType "swiss"]
[EventRounds "10"]
[EventCountry "DEN"]
[Source "ChessBase"]
[SourceDate "2014.08.29"]

1. d4 g6 2. c4 Bg7 3. Nc3 Nf6 4. e4 d6 5. Nf3 O-O 6. Be2 c5 7. d5 e6 8. O-O
exd5 9. cxd5 a6 10. a4 Bg4 11. Nd2 Bxe2 12. Qxe2 Re8 13. Nc4 Nh5 14. Qd3 Nd7
15. f4 Qh4 16. Bd2 Bd4+ 17. Kh1 f5 18. Nxd6 fxe4 19. Ncxe4 Rf8 20. g3 Qh3 21.
Ng5 Qg4 22. Ne6 Bxb2 23. Rab1 Bf6 24. Rxb7 c4 25. Qf3 Qxf3+ 26. Rxf3 Rfd8 27.
g4 c3 28. Bxc3 Bxc3 29. Rxc3 Nhf6 30. Nxd8 Rxd8 31. Rcc7 Nf8 32. Rg7+ Kh8 33.
Nf7+ Kxg7 34. Nxd8+ Kg8 35. Ne6 1-0

[Event "36. Copenhagen Open (Politiken Cup)"]
[Site "Elsinore"]
[Date "2014.07.28"]
[Round "9"]
[White "Thybo, Thomas Sondergaard"]
[Black "Collareta, Giovanni"]
[Result "0-1"]
[WhiteElo "1525"]
[BlackElo "2095"]
[PlyCount "60"]
[EventDate "2014.07.21"]
[EventType "swiss"]
[EventRounds "10"]
[EventCountry "DEN"]
[Source "ChessBase"]
[SourceDate "2014.08.29"]

1. d4 d5 2. c4 c6 3. Nc3 Nf6 4. e3 a6 5. Nf3 Bf5 6. Bd3 Bxd3 7. Qxd3 e6 8. O-O
Be7 9. b3 O-O 10. Bb2 Nbd7 11. Rad1 b5 12. c5 Qc7 13. a4 e5 14. Ne1 Ng4 15. Qf5
Nxh2 16. Nxd5 cxd5 17. Kxh2 exd4+ 18. g3 Bxc5 19. exd4 Bd6 20. Qxd5 Nf6 21. Qf3
h5 22. d5 Ng4+ 23. Kg2 Be5 24. Bxe5 Qxe5 25. Nd3 Qd6 26. Nf4 g6 27. Rd4 Rac8
28. Rh1 Rc2 29. Nd3 Kg7 30. Qd1 Ne3+ 0-1

[Event "36. Copenhagen Open (Politiken Cup)"]
[Site "Elsinore"]
[Date "2014.07.28"]
[Round "9"]
[White "Tleptsok, Ruslan"]
[Black "Eriksson, Kristian"]
[Result "1-0"]
[WhiteElo "2212"]
[BlackElo "2058"]
[PlyCount "95"]
[EventDate "2014.07.21"]
[EventType "swiss"]
[EventRounds "10"]
[EventCountry "DEN"]
[Source "ChessBase"]
[SourceDate "2014.08.29"]

1. e4 e5 2. Bc4 Nf6 3. d4 exd4 4. Nf3 Nc6 5. Ng5 d5 6. exd5 Na5 7. Qxd4 Nxc4 8.
Qxc4 Qxd5 9. Qe2+ Be6 10. O-O O-O-O 11. Nxe6 Qxe6 12. Qxe6+ fxe6 13. Nd2 Bc5
14. Nb3 Bb6 15. a4 a6 16. a5 Ba7 17. Ra4 Rhf8 18. g3 Rd5 19. Kg2 Rfd8 20. Re1
Rf5 21. f3 h5 22. Rc4 c6 23. Rf4 Nd5 24. Rfe4 Rdf8 25. f4 Nc7 26. h4 Rd5 27.
Bd2 Rf7 28. Bc3 Rfd7 29. Be5 Ne8 30. Kf3 g6 31. R4e2 Rd1 32. g4 Rxe1 33. Rxe1
Rd5 34. gxh5 gxh5 35. Ke4 Rd7 36. Rf1 Nc7 37. Bxc7 Rxc7 38. Ke5 Re7 39. Kf6 Kd7
40. Kg6 Ke8 41. c3 Rf7 42. Nd2 Rf5 43. Ne4 Rxa5 44. Rd1 Ke7 45. Nf6 Rd5 46.
Nxd5+ cxd5 47. Kxh5 Kf6 48. Kg4 1-0

[Event "36. Copenhagen Open (Politiken Cup)"]
[Site "Elsinore"]
[Date "2014.07.28"]
[Round "9"]
[White "Undheim, Bjarne"]
[Black "Skjoldager, Mikael"]
[Result "1/2-1/2"]
[WhiteElo "1870"]
[BlackElo "2078"]
[PlyCount "133"]
[EventDate "2014.07.21"]
[EventType "swiss"]
[EventRounds "10"]
[EventCountry "DEN"]
[Source "ChessBase"]
[SourceDate "2014.08.29"]

1. e4 e5 2. Nf3 Nc6 3. d4 exd4 4. Bc4 Bc5 5. c3 Nf6 6. e5 d5 7. Bb5 Ne4 8. cxd4
Bb4+ 9. Nbd2 O-O 10. O-O Bxd2 11. Bxd2 Bg4 12. Be3 Ne7 13. Be2 c6 14. Ng5 Bxe2
15. Qxe2 Nxg5 16. Bxg5 Qd7 17. Bxe7 Qxe7 18. Qd2 Rac8 19. b4 Rc7 20. f4 f6 21.
Rae1 f5 22. Rc1 Qe6 23. b5 Rfc8 24. bxc6 Rxc6 25. Qe3 R8c7 26. h3 Qc8 27. Rxc6
Rxc6 28. Qb3 Rc4 29. Rd1 Qd7 30. Qa3 b5 31. Qa6 Ra4 32. Qd6 Qxd6 33. exd6 Kf7
34. Re1 Ra6 35. Re7+ Kf6 36. Kf2 Rxa2+ 37. Kf3 Ra3+ 38. Ke2 Ra6 39. g4 Rxd6 40.
Rxa7 Rb6 41. g5+ Kg6 42. Kd2 b4 43. Rd7 b3 44. Kc1 b2+ 45. Kb1 Rb5 46. h4 h5
47. Rd6+ Kf7 48. Rd7+ Kg6 49. Rd6+ Kh7 50. Rd7 Kg6 51. Rd6+ Kh7 52. Rd7 Kg6 53.
Rd6+ Kf7 54. Rd7+ Kg6 55. Rd6+ Kh7 56. Rd7 Kg6 57. Rd6+ Kf7 58. Rd7+ Kg6 59.
Rd6+ Kh7 60. Rd7 Kg6 61. Rd6+ Kf7 62. Rd7+ Kg6 63. Rd6+ Kh7 64. Rd7 Kg6 65.
Rd6+ Kh7 66. Rd7 Kg6 67. Rd6+ 1/2-1/2

[Event "36. Copenhagen Open (Politiken Cup)"]
[Site "Elsinore"]
[Date "2014.07.28"]
[Round "9"]
[White "Veng, Johny"]
[Black "Hoi, Carsten"]
[Result "1/2-1/2"]
[WhiteElo "2244"]
[BlackElo "2401"]
[PlyCount "45"]
[EventDate "2014.07.21"]
[EventType "swiss"]
[EventRounds "10"]
[EventCountry "DEN"]
[Source "ChessBase"]
[SourceDate "2014.08.29"]

1. c4 Nf6 2. Nf3 d6 3. d4 Bg4 4. Nc3 g6 5. g3 Bg7 6. Bg2 Qc8 7. h3 Bd7 8. e4
O-O 9. Be3 Nc6 10. Qd3 e5 11. d5 Nb4 12. Qd2 a5 13. g4 b6 14. O-O Na6 15. Ne1
h5 16. f3 Nc5 17. Nd3 Kh8 18. Nxc5 bxc5 19. a4 Nh7 20. Bh6 Bxh6 21. Qxh6 g5 22.
h4 Qd8 23. Qxh5 1/2-1/2

[Event "36. Copenhagen Open (Politiken Cup)"]
[Site "Elsinore"]
[Date "2014.07.28"]
[Round "9"]
[White "Weeks, Manuel William"]
[Black "Fricano, Paul Royal"]
[Result "0-1"]
[WhiteElo "2206"]
[BlackElo "2013"]
[PlyCount "78"]
[EventDate "2014.07.21"]
[EventType "swiss"]
[EventRounds "10"]
[EventCountry "DEN"]
[Source "ChessBase"]
[SourceDate "2014.08.29"]

1. e4 d6 2. d4 Nf6 3. Nc3 e5 4. Nf3 Nbd7 5. Bc4 Be7 6. O-O O-O 7. Re1 exd4 8.
Nxd4 Nb6 9. Bf1 d5 10. e5 Ne8 11. Qf3 f5 12. Qh5 c5 13. Nf3 f4 14. Bd3 g6 15.
Qh6 c4 16. Bxg6 hxg6 17. Bxf4 Rf5 18. Nd4 Ng7 19. Nxf5 Bxf5 20. Re2 Ne6 21. Bc1
Bf8 22. Qd2 d4 23. Ne4 d3 24. Nf6+ Kf7 25. cxd3 cxd3 26. Re1 Nc4 27. Qc3 Rc8
28. Bd2 Nd4 29. Ne4 Nxe5 30. Ng5+ Kg8 31. Qa5 Qxa5 32. Bxa5 Ne2+ 33. Kf1 Be7
34. h4 Ng4 35. g3 Bc5 36. Nh3 Ne5 37. Nf4 Nf3 38. Red1 Nxf4 39. gxf4 Bh3# 0-1

[Event "36. Copenhagen Open (Politiken Cup)"]
[Site "Elsinore"]
[Date "2014.07.28"]
[Round "9"]
[White "Westerlund, Ola"]
[Black "Rossen, Claus"]
[Result "0-1"]
[WhiteElo "1817"]
[BlackElo "2123"]
[PlyCount "60"]
[EventDate "2014.07.21"]
[EventType "swiss"]
[EventRounds "10"]
[EventCountry "DEN"]
[Source "ChessBase"]
[SourceDate "2014.08.29"]

1. d4 Nf6 2. c4 g6 3. Nf3 Bg7 4. g3 O-O 5. Bg2 d5 6. O-O Nc6 7. cxd5 Nxd5 8. e4
Nb6 9. d5 Na5 10. Nc3 c6 11. Bf4 cxd5 12. Nxd5 Nxd5 13. exd5 Bxb2 14. Rb1 Bg7
15. Rc1 b6 16. Re1 Bb7 17. Ne5 Bxe5 18. Bxe5 Rc8 19. Bf4 Qd7 20. Qe2 Rxc1 21.
Rxc1 Rc8 22. Re1 Re8 23. Bh6 e5 24. dxe6 Qxe6 25. Qxe6 fxe6 26. Rc1 Kf7 27. Bg5
Rc8 28. Rd1 Bxg2 29. Rd7+ Ke8 30. Re7+ Kf8 0-1

[Event "36. Copenhagen Open (Politiken Cup)"]
[Site "Elsinore"]
[Date "2014.07.28"]
[Round "9"]
[White "Wilen, Eero"]
[Black "Holmstrom, Johan Ravnborg"]
[Result "1-0"]
[WhiteElo "2087"]
[BlackElo "1834"]
[PlyCount "85"]
[EventDate "2014.07.21"]
[EventType "swiss"]
[EventRounds "10"]
[EventCountry "DEN"]
[Source "ChessBase"]
[SourceDate "2014.08.29"]

1. d4 Nf6 2. c4 e6 3. Nc3 Bb4 4. e3 O-O 5. Nge2 Ne4 6. Qc2 f5 7. a3 Bxc3+ 8.
Nxc3 Nxc3 9. Qxc3 b6 10. b3 Bb7 11. d5 Qf6 12. Qxf6 Rxf6 13. Bb2 Rf7 14. Be2 a5
15. Bf3 exd5 16. O-O-O Na6 17. Rxd5 Bxd5 18. Bxd5 Rd8 19. Rd1 Kf8 20. Bxf7 Kxf7
21. Kc2 Nc5 22. Rd5 g6 23. Bc3 Ne4 24. Be1 Nf6 25. Rd1 Ra8 26. f3 d6 27. Bc3
Ke6 28. Kd3 c6 29. Ke2 Nd7 30. Bd4 a4 31. b4 b5 32. cxb5 cxb5 33. Rc1 Rb8 34.
Rc7 h5 35. Ba7 Ra8 36. Bd4 Rb8 37. Ba7 Ra8 38. f4 Nf8 39. Rb7 Nd7 40. Kd3 d5
41. Bc5 Rb8 42. Rc7 Nf6 43. Re7# 1-0

[Event "36. Copenhagen Open (Politiken Cup)"]
[Site "Elsinore"]
[Date "2014.07.29"]
[Round "10"]
[White "Aabling Thomsen, Jakob"]
[Black "Boukhris, Yacine"]
[Result "1-0"]
[WhiteElo "2333"]
[BlackElo "2073"]
[PlyCount "81"]
[EventDate "2014.07.21"]
[EventType "swiss"]
[EventRounds "10"]
[EventCountry "DEN"]
[Source "ChessBase"]
[SourceDate "2014.08.29"]

1. d4 Nf6 2. Nf3 g6 3. Nbd2 d5 4. e3 Bg7 5. b4 a5 6. b5 O-O 7. Be2 c5 8. bxc6
bxc6 9. Ba3 Ba6 10. c4 Nbd7 11. Rc1 Re8 12. O-O Ne4 13. Nxe4 dxe4 14. Nd2 e5
15. d5 cxd5 16. cxd5 f5 17. Bxa6 Rxa6 18. Rc6 Nb8 19. Rxa6 Nxa6 20. Nc4 Nb4 21.
Bxb4 axb4 22. d6 Qd7 23. Qd5+ Qf7 24. Qc5 f4 25. Rd1 Qf5 26. Qd5+ Kh8 27. d7
Rd8 28. Nd6 Qxd7 29. Nf7+ Qxf7 30. Qxd8+ Qf8 31. Qxf8+ Bxf8 32. Rd5 Bh6 33.
Rxe5 fxe3 34. Rxe4 exf2+ 35. Kxf2 Bd2 36. Ke2 Bc3 37. Re7 h5 38. Kd3 Bf6 39.
Rb7 Be5 40. h3 Bc3 41. a3 1-0

[Event "36. Copenhagen Open (Politiken Cup)"]
[Site "Elsinore"]
[Date "2014.07.29"]
[Round "10"]
[White "Agrest, Inna"]
[Black "Klings, Peter"]
[Result "1-0"]
[WhiteElo "2223"]
[BlackElo "2128"]
[PlyCount "73"]
[EventDate "2014.07.21"]
[EventType "swiss"]
[EventRounds "10"]
[EventCountry "DEN"]
[Source "ChessBase"]
[SourceDate "2014.08.29"]

1. e4 g6 2. d4 Bg7 3. Nc3 d6 4. Nf3 a6 5. h3 Nf6 6. Be3 O-O 7. Qd2 b5 8. Bd3
Bb7 9. a3 Qc8 10. Bh6 Rd8 11. Qg5 e5 12. dxe5 dxe5 13. Nxe5 Qe6 14. Ng4 Nbd7
15. Bxg7 Kxg7 16. f3 Ng8 17. O-O h5 18. Ne3 Qf6 19. Qxf6+ Ngxf6 20. Rad1 c5 21.
Be2 Re8 22. Ncd5 Rac8 23. Rd2 Bc6 24. Rfd1 h4 25. Bf1 Nh5 26. a4 Re6 27. axb5
axb5 28. Ra1 Ng3 29. Ra7 Nxf1 30. Kxf1 Ne5 31. b3 b4 32. Kf2 Rd6 33. f4 Nd7 34.
e5 Re6 35. Nc7 Re7 36. Ned5 Bxd5 37. Nxd5 1-0

[Event "36. Copenhagen Open (Politiken Cup)"]
[Site "Elsinore"]
[Date "2014.07.29"]
[Round "10"]
[White "Akdag, Dara Sevkan"]
[Black "Cornette, Matthieu"]
[Result "0-1"]
[WhiteElo "2236"]
[BlackElo "2532"]
[PlyCount "62"]
[EventDate "2014.07.21"]
[EventType "swiss"]
[EventRounds "10"]
[EventCountry "DEN"]
[Source "ChessBase"]
[SourceDate "2014.08.29"]

1. d4 Nf6 2. c4 g6 3. Nc3 Bg7 4. e4 d6 5. Be2 O-O 6. f4 c5 7. d5 e6 8. Nf3 exd5
9. cxd5 Bg4 10. O-O Nbd7 11. Qc2 Ne8 12. Bd2 a6 13. a4 Rc8 14. Kh1 c4 15. Nd1
Nc5 16. Bxc4 Nf6 17. e5 dxe5 18. b4 Nxa4 19. fxe5 Nxd5 20. Qe4 Nab6 21. Bb3 Bf5
22. Qd4 Ne7 23. Qh4 Qd3 24. Nc3 Rxc3 25. Ng5 h6 26. Nxf7 Rxf7 27. Bxf7+ Kxf7
28. e6+ Ke8 29. Bxh6 Rc4 30. Bf4 Bxa1 31. Rxa1 Bxe6 0-1

[Event "36. Copenhagen Open (Politiken Cup)"]
[Site "Elsinore"]
[Date "2014.07.29"]
[Round "10"]
[White "Alfven, Jorgen"]
[Black "Jensen, Michael Agermose"]
[Result "1-0"]
[WhiteElo "1883"]
[BlackElo "2011"]
[PlyCount "75"]
[EventDate "2014.07.21"]
[EventType "swiss"]
[EventRounds "10"]
[EventCountry "DEN"]
[Source "ChessBase"]
[SourceDate "2014.08.29"]

1. d4 d6 2. e4 g6 3. Bd3 Bg7 4. c3 e5 5. dxe5 dxe5 6. Nf3 Nc6 7. O-O Qe7 8. Bg5
f6 9. Be3 Nh6 10. b4 b6 11. Qa4 Bd7 12. Bb5 Nd8 13. h3 Nhf7 14. Rd1 Nd6 15.
Bxd7+ Qxd7 16. Qc2 Qe6 17. Na3 O-O 18. c4 f5 19. Ng5 Qf6 20. c5 f4 21. cxd6
fxe3 22. Qb3+ Kh8 23. Qxe3 Bh6 24. h4 Ne6 25. dxc7 Nf4 26. Kh1 Bxg5 27. hxg5
Qxg5 28. Qg3 Qe7 29. Qg4 Qxb4 30. Rd7 Qxe4 31. Rad1 Qf5 32. Qxf5 gxf5 33. Rd8
Ne6 34. Rxa8 Rxa8 35. Nb5 a6 36. Rd6 axb5 37. Rxe6 Rc8 38. Re7 1-0

[Event "36. Copenhagen Open (Politiken Cup)"]
[Site "Elsinore"]
[Date "2014.07.29"]
[Round "10"]
[White "Andersson, Thorbjorn"]
[Black "Hojgaard, Brandur"]
[Result "0-1"]
[WhiteElo "1950"]
[BlackElo "1779"]
[PlyCount "61"]
[EventDate "2014.07.21"]
[EventType "swiss"]
[EventRounds "10"]
[EventCountry "DEN"]
[Source "ChessBase"]
[SourceDate "2014.08.29"]

1. d4 d5 2. c4 e6 3. Nc3 Nf6 4. cxd5 exd5 5. Bg5 Be7 6. e3 Bf5 7. Bxf6 Bxf6 8.
Qb3 Nd7 9. Qxd5 Be6 10. Qxb7 Rb8 11. Qxa7 Rxb2 12. Nb5 O-O 13. Qa3 Rc2 14. Bd3
Be7 15. Qa5 Rb2 16. a3 Bh4 17. Ne2 Qg5 18. g3 c6 19. Qc3 Rb3 20. Qc2 cxb5 21.
gxh4 Qxh4 22. Nf4 Bc4 23. Qe2 Nf6 24. Bxc4 bxc4 25. Ng2 Qh3 26. Nf4 Qf5 27. O-O
Rfb8 28. Ra2 Rb1 29. Qxc4 Rxf1+ 30. Kxf1 g5 31. Ng2 0-1

[Event "36. Copenhagen Open (Politiken Cup)"]
[Site "Elsinore"]
[Date "2014.07.29"]
[Round "10"]
[White "Arbeus, Carl Johan"]
[Black "Fossan, Benjamin"]
[Result "1/2-1/2"]
[WhiteElo "1819"]
[BlackElo "1676"]
[PlyCount "82"]
[EventDate "2014.07.21"]
[EventType "swiss"]
[EventRounds "10"]
[EventCountry "DEN"]
[Source "ChessBase"]
[SourceDate "2014.08.29"]

1. e4 c5 2. Nf3 g6 3. d4 cxd4 4. Nxd4 Bg7 5. c4 Nc6 6. Be3 Nf6 7. Nc3 Ng4 8.
Qxg4 Nxd4 9. Qd1 e5 10. Bxd4 exd4 11. Nd5 O-O 12. Bd3 d6 13. O-O Be6 14. Qd2
Bxd5 15. exd5 Re8 16. Rfe1 Qd7 17. Rxe8+ Rxe8 18. Re1 Rxe1+ 19. Qxe1 Qa4 20.
Qb1 Kf8 21. h4 Be5 22. h5 Kg7 23. g3 Qb4 24. f4 Bf6 25. Qc2 Qe1+ 26. Kg2 gxh5
27. Bxh7 h4 28. gxh4 Bxh4 29. Be4 Qg3+ 30. Kh1 Qxf4 31. b4 b6 32. Qd3 Qe3 33.
Kg2 Qxd3 34. Bxd3 Be1 35. b5 Kf6 36. Kf3 Kg5 37. a4 f5 38. Be2 Bd2 39. Bd3 Be3
40. Be2 Bd2 41. Bd3 Be3 1/2-1/2

[Event "36. Copenhagen Open (Politiken Cup)"]
[Site "Elsinore"]
[Date "2014.07.29"]
[Round "10"]
[White "Bach, Matthias"]
[Black "Jensen, Thore Nyboe"]
[Result "1-0"]
[WhiteElo "2224"]
[BlackElo "2058"]
[PlyCount "115"]
[EventDate "2014.07.21"]
[EventType "swiss"]
[EventRounds "10"]
[EventCountry "DEN"]
[Source "ChessBase"]
[SourceDate "2014.08.29"]

1. c4 c6 2. g3 d5 3. Bg2 Nf6 4. Nf3 Bf5 5. O-O e6 6. b3 a5 7. d3 Be7 8. Nbd2 h6
9. Bb2 O-O 10. Re1 Bh7 11. a3 Nbd7 12. h3 Re8 13. Qc2 Qb6 14. Qc3 e5 15. Nxe5
Nxe5 16. Qxe5 Bb4 17. axb4 Rxe5 18. Bxe5 Qxb4 19. Bxf6 gxf6 20. Nf3 dxc4 21.
bxc4 a4 22. Reb1 Qc3 23. Ra2 Ra7 24. Nd2 f5 25. Bf3 Kf8 26. Kg2 Ke8 27. Rxb7
Rxb7 28. Bxc6+ Rd7 29. Bxa4 Bg6 30. Nf1 Ke7 31. Bxd7 Kxd7 32. Ne3 Qe5 33. Nd5
Bh5 34. Nf4 Bg6 35. h4 Qc5 36. h5 Qc6+ 37. f3 Bh7 38. Nd5 Ke8 39. Ra8+ Qxa8 40.
Nc7+ Kd7 41. Nxa8 Kc6 42. c5 Kxc5 43. Nc7 Kd6 44. Nb5+ Kc5 45. Nc3 Kd4 46. Nd1
f6 47. Kf2 Bg8 48. Ne3 Be6 49. Ng2 Bg8 50. Nf4 Bf7 51. e3+ Kc3 52. d4 Kc4 53.
Ke2 Be8 54. Kf2 Bf7 55. g4 fxg4 56. fxg4 Be8 57. Kg3 Bd7 58. Ng6 1-0

[Event "36. Copenhagen Open (Politiken Cup)"]
[Site "Elsinore"]
[Date "2014.07.29"]
[Round "10"]
[White "Biasi, Grace"]
[Black "Andersen, Claus"]
[Result "0-1"]
[WhiteElo "1668"]
[BlackElo "1774"]
[PlyCount "116"]
[EventDate "2014.07.21"]
[EventType "swiss"]
[EventRounds "10"]
[EventCountry "DEN"]
[Source "ChessBase"]
[SourceDate "2014.08.29"]

1. e4 c5 2. c3 d5 3. exd5 Qxd5 4. d4 cxd4 5. cxd4 Nc6 6. Nf3 e6 7. Nc3 Bb4 8.
Be2 Nf6 9. O-O Bxc3 10. bxc3 O-O 11. Nd2 Bd7 12. Bf3 Qa5 13. Qb3 Qc7 14. Nc4
Rfd8 15. Bg5 Na5 16. Nxa5 Qxa5 17. h4 Rac8 18. Rfc1 b5 19. Qb4 Qxb4 20. cxb4
Rc4 21. Rxc4 bxc4 22. d5 Rb8 23. dxe6 fxe6 24. a3 Nd5 25. Rc1 Rc8 26. Be4 Ba4
27. f4 h6 28. Bxd5 exd5 29. Be7 Re8 30. Bc5 a6 31. Kf2 Kf7 32. g4 g6 33. Rc3
Bd1 34. g5 hxg5 35. hxg5 Re2+ 36. Kf1 Re4 37. Bd6 Be2+ 38. Kf2 d4 39. Rc1 d3
40. Ke1 Bg4+ 41. Kd2 Re2+ 42. Kc3 Ke6 43. Be5 Kd5 44. a4 Ra2 45. b5 axb5 46.
axb5 d2 47. Rb1 d1=Q 48. Rxd1+ Bxd1 49. b6 Kc6 50. Kxc4 Kxb6 51. Kd5 Bg4 52.
Bd4+ Kc7 53. Be5+ Kd7 54. Kc5 Rd2 55. Bd4 Ke6 56. Kc4 Rxd4+ 57. Kxd4 Kf5 58.
Ke3 Bh5 0-1

[Event "36. Copenhagen Open (Politiken Cup)"]
[Site "Elsinore"]
[Date "2014.07.29"]
[Round "10"]
[White "Brondum, Eric"]
[Black "Andersen, Daniel"]
[Result "1-0"]
[WhiteElo "2119"]
[BlackElo "1967"]
[PlyCount "57"]
[EventDate "2014.07.21"]
[EventType "swiss"]
[EventRounds "10"]
[EventCountry "DEN"]
[Source "ChessBase"]
[SourceDate "2014.08.29"]

1. Nf3 e6 2. g3 f5 3. Bg2 Nf6 4. O-O c6 5. b3 Be7 6. Bb2 O-O 7. c4 d5 8. d3 b6
9. Nbd2 Bb7 10. Ne5 Nbd7 11. Ndf3 c5 12. e3 Bd6 13. Qe2 Qc7 14. Nxd7 Qxd7 15.
Ne5 Qc7 16. f4 dxc4 17. dxc4 Bxg2 18. Qxg2 Nd7 19. Nxd7 Qxd7 20. e4 Be7 21.
Rad1 Qc7 22. Qe2 Rfd8 23. exf5 exf5 24. Qe6+ Kh8 25. Qf7 Rg8 26. Rfe1 Bd6 27.
Qxc7 Bxc7 28. Re7 Bb8 29. Rdd7 1-0

[Event "36. Copenhagen Open (Politiken Cup)"]
[Site "Elsinore"]
[Date "2014.07.29"]
[Round "10"]
[White "Buchal, Stephan"]
[Black "Thybo, Jesper Sondergaard"]
[Result "1/2-1/2"]
[WhiteElo "2295"]
[BlackElo "2121"]
[PlyCount "37"]
[EventDate "2014.07.21"]
[EventType "swiss"]
[EventRounds "10"]
[EventCountry "DEN"]
[Source "ChessBase"]
[SourceDate "2014.08.29"]

1. g3 g6 2. Bg2 Bg7 3. e4 c5 4. d3 Nc6 5. f4 e6 6. Nf3 Nge7 7. O-O O-O 8. c3 d6
9. Be3 b6 10. Na3 Bb7 11. Nc2 Rc8 12. Qd2 Qd7 13. Rad1 Rfd8 14. Bf2 b5 15. Rfe1
Qc7 16. Ne3 b4 17. c4 Re8 18. g4 f5 19. gxf5 1/2-1/2

[Event "36. Copenhagen Open (Politiken Cup)"]
[Site "Elsinore"]
[Date "2014.07.29"]
[Round "10"]
[White "Chevannes, Sabrina"]
[Black "Ochsner, Bjorn Moller"]
[Result "0-1"]
[WhiteElo "2160"]
[BlackElo "2318"]
[PlyCount "150"]
[EventDate "2014.07.21"]
[EventType "swiss"]
[EventRounds "10"]
[EventCountry "DEN"]
[Source "ChessBase"]
[SourceDate "2014.08.29"]

1. d4 Nf6 2. c4 g6 3. Nc3 Bg7 4. e4 d6 5. f3 O-O 6. Nge2 c5 7. d5 e6 8. Ng3
exd5 9. cxd5 h5 10. Bg5 Qb6 11. Qd2 Nh7 12. Be3 Nd7 13. Nge2 Ne5 14. Nf4 a6 15.
a4 Qa5 16. Ra3 Bd7 17. Be2 Qd8 18. O-O b5 19. axb5 axb5 20. Nxb5 Bxb5 21. Bxb5
Rb8 22. Ra5 Rxb5 23. Rxb5 Nc4 24. Qe2 Nxe3 25. Ra1 Bd4 26. Kh1 Qe8 27. Rb3 g5
28. Nxh5 Nxd5 29. Qa6 Ndf6 30. Nxf6+ Nxf6 31. Qxd6 Kg7 32. Qg3 g4 33. Re1 Qe6
34. Rb7 Be5 35. f4 Nh5 36. Qh4 Nxf4 37. Qg5+ Ng6 38. Qf5 Qc6 39. Rd7 Bxb2 40.
Qxg4 Be5 41. Rf1 Qa6 42. Qf5 Qf6 43. Rd5 c4 44. Rc5 c3 45. g3 Rd8 46. Qxf6+
Bxf6 47. Rxf6 Kxf6 48. Rxc3 Rd4 49. Rf3+ Ke6 50. Re3 Ke5 51. Rf3 f6 52. h4 Rxe4
53. h5 Nf8 54. Ra3 Kf5 55. Ra7 Rg4 56. Rf7 Ne6 57. Kh2 Rg5 58. Rh7 Kg4 59. h6
Kf5 60. Kg2 Kg6 61. Re7 Nf8 62. Kf3 Kxh6 63. Rf7 Nh7 64. Kf4 Kg6 65. Ra7 Rb5
66. Ra4 Rb3 67. Kg4 Ng5 68. Rc4 Re3 69. Kf4 Re1 70. g4 Rf1+ 71. Ke3 Rf3+ 72.
Ke2 Ra3 73. Rb4 Nf7 74. Kf2 Ne5 75. Re4 Kg5 0-1

[Event "36. Copenhagen Open (Politiken Cup)"]
[Site "Elsinore"]
[Date "2014.07.29"]
[Round "10"]
[White "Christensen, Casper"]
[Black "Robertsen, Bjorn"]
[Result "1-0"]
[WhiteElo "2004"]
[BlackElo "1594"]
[PlyCount "53"]
[EventDate "2014.07.21"]
[EventType "swiss"]
[EventRounds "10"]
[EventCountry "DEN"]
[Source "ChessBase"]
[SourceDate "2014.08.29"]

1. e4 c5 2. Nf3 d6 3. d4 Nf6 4. Nc3 cxd4 5. Nxd4 a6 6. a4 g6 7. Be2 Bg7 8. Be3
Nc6 9. O-O O-O 10. h3 Bd7 11. f4 Qb6 12. Qd2 Nxe4 13. Nxc6 Nxd2 14. Nxe7+ Kh8
15. Bxb6 Bxc3 16. bxc3 Nxf1 17. Bxf1 Kg7 18. a5 Be6 19. c4 Rfe8 20. Nd5 Rac8
21. Bd4+ Kh6 22. Bd3 Bf5 23. g4 Bxd3 24. g5+ Kh5 25. Nf6+ Kh4 26. Bf2+ Kxh3 27.
Ra3 1-0

[Event "36. Copenhagen Open (Politiken Cup)"]
[Site "Elsinore"]
[Date "2014.07.29"]
[Round "10"]
[White "Christenson, Bjorn Aa"]
[Black "Nilsson, Carl Axel"]
[Result "1/2-1/2"]
[WhiteElo "1931"]
[BlackElo "1696"]
[PlyCount "154"]
[EventDate "2014.07.21"]
[EventType "swiss"]
[EventRounds "10"]
[EventCountry "DEN"]
[Source "ChessBase"]
[SourceDate "2014.08.29"]

1. e4 c5 2. Nf3 d6 3. d4 cxd4 4. Nxd4 Nf6 5. Nc3 a6 6. Bg5 e6 7. f4 Be7 8. Qf3
h6 9. Bh4 g5 10. fxg5 Nfd7 11. Bg3 hxg5 12. O-O-O Qc7 13. Be2 Ne5 14. Qf2 Nbc6
15. Nxc6 Qxc6 16. h4 gxh4 17. Bxh4 Bxh4 18. Rxh4 Rf8 19. Qf6 Qc7 20. Rh8 Qe7
21. Rxf8+ Qxf8 22. Rh1 Kd7 23. Na4 Qd8 24. Qf2 Kc6 25. c4 b5 26. cxb5+ axb5 27.
Nc3 Ba6 28. Kb1 Qb6 29. Qxb6+ Kxb6 30. Rd1 Kc6 31. b4 Ra7 32. a4 Rb7 33. axb5+
Bxb5 34. Bxb5+ Rxb5 35. Nxb5 Kxb5 36. Rxd6 Kxb4 37. Kc1 Kc5 38. Rd8 Kc6 39. Kd1
Kc7 40. Rd4 Nd7 41. Ke2 Kd8 42. g4 Ke7 43. Kf2 Ne5 44. Kg3 Kf6 45. Ra4 Ng6 46.
Ra5 Kg7 47. e5 Nh8 48. Kf3 Ng6 49. Ke3 Nh8 50. Ra1 Ng6 51. Kd4 Kf8 52. Re1 Kg7
53. Kc5 Kf8 54. Kd6 Kg7 55. Rf1 Kg8 56. Re1 Kf8 57. Kd7 Ne7 58. Rh1 Ng6 59. Rh5
Kg7 60. Ke8 Nf4 61. Rh2 Ng6 62. Re2 Kg8 63. Kd7 Kf8 64. Kd6 Kg7 65. Kc5 Nf4 66.
Rh2 Ng6 67. Kd4 Ne7 68. Ke4 Ng6 69. g5 Ne7 70. Re2 Ng6 71. Kf3 Nh4+ 72. Kg4 Ng6
73. Re1 Ne7 74. Kh5 Ng6 75. Re4 Ne7 76. Kg4 Ng6 77. Re1 Kg8 1/2-1/2

[Event "36. Copenhagen Open (Politiken Cup)"]
[Site "Elsinore"]
[Date "2014.07.29"]
[Round "10"]
[White "Dahl, Steve"]
[Black "Myhre, Mads Wollan"]
[Result "1/2-1/2"]
[WhiteElo "1802"]
[BlackElo "1509"]
[PlyCount "61"]
[EventDate "2014.07.21"]
[EventType "swiss"]
[EventRounds "10"]
[EventCountry "DEN"]
[Source "ChessBase"]
[SourceDate "2014.08.29"]

1. e4 e6 2. d4 d5 3. Nd2 Nf6 4. e5 Nfd7 5. Bd3 c5 6. c3 Nc6 7. Ne2 c4 8. Bc2 b5
9. a3 a5 10. O-O Bb7 11. f4 b4 12. axb4 axb4 13. Rxa8 Qxa8 14. f5 exf5 15. Bxf5
g6 16. Bxd7+ Kxd7 17. Rxf7+ Ke8 18. Qf1 Nd8 19. e6 Bc8 20. Qf6 Rg8 21. Rxh7
Bxe6 22. Nf4 Bf7 23. Nf3 Qa1 24. Qe5+ Be7 25. Nxd5 Qxc1+ 26. Kf2 Qxb2+ 27. Kg3
Ne6 28. Qb8+ Nd8 29. Qe5 Ne6 30. Qb8+ Nd8 31. Qe5 1/2-1/2

[Event "36. Copenhagen Open (Politiken Cup)"]
[Site "Elsinore"]
[Date "2014.07.29"]
[Round "10"]
[White "Daulyte, Deimante"]
[Black "Thogersen, Rasmus"]
[Result "0-1"]
[WhiteElo "2405"]
[BlackElo "2089"]
[PlyCount "36"]
[EventDate "2014.07.21"]
[EventType "swiss"]
[EventRounds "10"]
[EventCountry "DEN"]
[Source "ChessBase"]
[SourceDate "2014.08.29"]

1. e4 c5 2. Nc3 a6 3. Nge2 d6 4. g3 Nc6 5. Bg2 e6 6. O-O Be7 7. d3 b5 8. d4
cxd4 9. Nxd4 Bb7 10. Nxc6 Bxc6 11. Qg4 Bf6 12. Rd1 Ne7 13. Bf4 e5 14. Be3 O-O
15. Bc5 Bd7 16. Qf3 dxc5 17. Bh3 Ra7 18. Qd3 Qb8 0-1